000 00608nam a2200193Ia 4500
008 151121s9999||||xx |||||||||||||| ||und||
082 _a817/ मिरास
082 _bHNW-72456
100 _aमिरासदार द। मा।
245 _aबेंडबाजा
260 _b"सुपर्ण प्रकाशन, पुणे।"
260 _c--
300 _a158
600 _aमिरासदार द। मा।
630 _aबेंडबाजा
700 _aमिरासदार द। मा।
730 _aबेंडबाजा
942 _cBOOK
999 _c1253916
_d1253913